Katy Perry: Complete Discography - Statistics

General Stats
  • This quiz has been taken 120 times
    26 since last reset
  • The average score is 65 of 118
Answer Stats
Album Song % Correct
Teenage Dream California Gurls
100%
Teenage Dream Firework
100%
Prism Roar
100%
Teenage Dream Teenage Dream
100%
One Of The Boys Hot n Cold
95%
Teenage Dream The One That Got Away
89%
Teenage Dream (Bonus) Wide Awake
89%
Witness Chained To The Rhythm
84%
Prism Dark Horse
84%
One Of The Boys I Kissed A Girl
84%
Teenage Dream (Bonus) Part Of Me
84%
One Of The Boys Waking Up In Vegas
84%
143 Woman's World
84%
Prism Birthday
79%
Witness Bon Appétit
79%
Teenage Dream E.T.
79%
Teenage Dream Last Friday Night (T.G.I.F.)
79%
One Of The Boys One Of The Boys
79%
Witness Swish Swish
79%
Prism Unconditionally
79%
One Of The Boys Ur So Gay
79%
Witness Witness
79%
Teenage Dream Circle The Drain
74%
Smile Daisies
74%
143 I'm His, He's Mine
74%
Smile Never Really Over
74%
Teenage Dream Peacock
74%
Smile Smile
74%
One Of The Boys Thinking Of You
74%
Prism This Is How We Do
74%
Prism By The Grace Of God
68%
Smile Harleys In Hawaii
68%
Teenage Dream Hummingbird Heartbeat
68%
Prism Legendary Lovers
68%
143 Lifetimes
68%
Teenage Dream Not Like The Movies
68%
Witness Save As Draft
68%
Witness Déjà Vu
63%
143 Gorgeous
63%
Witness Mind Maze
63%
Teenage Dream Pearl
63%
Witness Pendulum
63%
Witness Roulette
63%
Witness Tsunami
63%
Prism Walking On Air
63%
143 Wonder
63%
One Of The Boys (Bonus) A Cup Of Coffee
58%
143 All The Love
58%
Smile Champagne Problems
58%
Singles Cozy Little Christmas
58%
143 Crush
58%
Teenage Dream (Bonus) Dressin' Up
58%
One Of The Boys Fingerprints
58%
Prism Ghost
58%
Witness Hey Hey Hey
58%
Prism International Smile
58%
Prism Love Me
58%
Witness Power
58%
Smile Resilient
58%
Singles Rise
58%
Smile (Bonus) Small Talk
58%
Smile Teary Eyes
58%
Smile Tucked
58%
Witness (Bonus) Act My Age
53%
143 Artificial
53%
Prism Double Rainbow
53%
143 Gimme Gimme
53%
One Of The Boys If You Can Afford Me
53%
Prism (Bonus) It Takes Two
53%
Witness Miss You More
53%
Smile (Bonus) Never Worn White
53%
143 Nirvana
53%
Smile Not The End Of The World
53%
143 (Bonus) Ok
53%
Prism (Bonus) Spiritual
53%
Features Starstrukk
53%
143 Truth
53%
Prism (Bonus) Choose Your Battles
47%
Smile Cry About It Later
47%
Witness (Bonus) Dance With The Devil
47%
One Of The Boys I'm Still Breathing
47%
One Of The Boys Lost
47%
One Of The Boys Mannequin
47%
Smile What Makes A Woman
47%
Duets / Collaborations 365
42%
Witness Bigger Than Me
42%
Singles Electric
42%
Duets / Collaborations Feels
42%
Features If We Ever Meet Again
42%
143 (Bonus) No Tears For New Year's
42%
Smile Only Love
42%
Duets / Collaborations When I'm Gone
42%
Teenage Dream Who Am I Living For?
42%
Singles Bandaids
37%
143 (Bonus) Has A Heart
37%
Witness Into Me You See
37%
One Of The Boys (Bonus) I Think I'm Ready
37%
Prism This Moment
37%
Features Who You Love
37%
143 (Bonus) I Woke Up
26%
One Of The Boys Self Inflicted
26%
Singles Every Day Is A Holiday
21%
Smile (Bonus) High On Your Supply
21%
Katy Hudson Piercing
21%
Soundtracks Waving Through A Window
21%
Katy Hudson Naturally
16%
Katy Hudson Trust In Me
16%
Katy Hudson Faith Won't Fail
11%
Katy Hudson Growing Pains
11%
Katy Hudson Last Call
11%
Katy Hudson My Own Monster
11%
Katy Hudson Search Me
11%
Soundtracks Simple
11%
Katy Hudson Spit
11%
Katy Hudson When There's Nothing Left
11%
Duets / Collaborations Where We Started
11%
Soundtracks Immortal Flame
5%
Features Legends Never Die
5%
No matching quizzes found
Score Distribution
Percent of People with Each Score
Percentile by Number Answered
Your Score History
You have not taken this quiz since the last reset